La formation des enseignants

Saved in:
Bibliographic Details
Main Author: Mialaret, Gaston
Format: Book
Language:English
Published: Paris : Universitaires de France , 1977.
Edition:3. ed.
Series:Que sais-je? 1703
Subjects:
Tags: Add Tag
No Tags, Be the first to tag this record!

MARC

LEADER 00000cam a2200000 i 4500
001 1/555
008 950704s1977 fr | ||| |||| ||eng||
020 |a 2130432212 
035 |l 10014124 
040 |a GR-MyUa  |b gre  |e AACR2 
041 0 |a eng 
082 7 |a 371.1   |2 (22) 
100 1 |a Mialaret, Gaston. 
245 1 3 |a La formation des enseignants /   |c Gaston Mialaret. 
250 |a 3. ed. 
260 |a Paris :   |b Universitaires de France ,   |c 1977. 
300 |a 127 σ. ;   |c 18 εκ. 
490 1 |a (Que sais-je? ;   |v 1703) 
504 |a Περιέχει βιβλιογραφικές παραπομπές. 
650 0 0 |a Education  |x Study and teaching. 
650 0 0 |a Teachers  |x Training of. 
650 0 0 |a Teaching. 
830 0 |a Que sais-je?  |v 1703 
852 |a INST  |b LESVOS  |e 19950704  |h 371.1 ΜΙΑ  |p 005100008130  |q 005100008130  |t BK  |y 0 
922 |a 1ΕΛΗ  |b 199211  |c ΠΠ/2115